[Event "Napoli Greco Memorial"]
[Site "Napoli"]
[Date "2015.04.23"]
[Round "3"]
[White "Cocchia, Umberto"]
[Black "Guglielmi, Domenico Donato"]
[Result "1-0"]
[WhiteElo "1812"]
[BlackElo "1494"]
[PlyCount "71"]
[EventDate "2015.04.09"]
[EventType "swiss"]
[EventRounds "6"]
[EventCountry "ITA"]
[SourceTitle "EXT 2017"]
[Source "ChessBase"]
[SourceDate "2016.10.25"]
[SourceVersion "1"]
[SourceVersionDate "2016.10.25"]
[SourceQuality "1"]

1. e4 c5 2. Nf3 Nc6 3. d4 cxd4 4. Nxd4 e5 5. Nb5 d6 6. N1c3 a6 7. Na3 Nf6 8. Bg5 h6 9. Bxf6 Qxf6 10. Nd5 Qd8 11. c3 Be6 12. Nc2 Rc8 13. Nce3 Ne7 14. Nxe7 Bxe7 15. Nd5 Bxd5 16. Qxd5 Rc5 17. Qxb7 0-0 18. Bxa6 Bg5 19. Qb3 d5 20. exd5 Rxd5 21. 0-0 Ra5 22. Rfd1 Qa8 23. Bc4 Qa7 24. Rd5 Rb8 25. Rxa5 Rxb3 26. Rxa7 Rxb2 27. Rxf7 Kh8 28. a4 Rc2 29. Bd3 Kg8 30. Rxg7+ Kxg7 31. Bxc2 Bf6 32. Be4 Kf7 33. a5 Bg5 34. a6 Bd2 35. a7 Bxc3 36. Ra6 1-0